|
|
|
|
| LEADER |
00000nam0a2200000 4500 |
| 001 |
23761 |
| 005 |
20231030195921.0 |
| 010 |
|
|
|a 5222007618
|
| 035 |
|
|
|a (RuTPU)RU\TPU\book\23986
|
| 035 |
|
|
|a BOOK00024059
|
| 090 |
|
|
|a 23761
|
| 100 |
|
|
|a 20011209d1999 m y0rusy50 ca
|
| 101 |
0 |
|
|a rus
|
| 102 |
|
|
|a RU
|
| 105 |
|
|
|a y j 001zy
|
| 200 |
1 |
|
|a Финансы и кредит в вопросах и ответах
|e учебное пособие для вузов
|f Е. Б. Колбачев, Г. И. Ткалич
|
| 210 |
|
|
|a Ростов-на-Дону
|c Феникс
|d 1999
|
| 215 |
|
|
|a 191 с.
|
| 225 |
1 |
|
|a Учебники и учебные пособия
|
| 320 |
|
|
|a Библиогр.: с. 190.
|
| 333 |
|
|
|a Исключено из фонда НТБ ТПУ
|
| 700 |
|
1 |
|a Колбачев
|b Е. Б.
|g Евгений Борисович
|
| 701 |
|
1 |
|a Ткалич
|b Г. И.
|g Григорий Иванович
|
| 801 |
|
0 |
|a RU
|b 63413507
|c 20011209
|g PSBO
|
| 801 |
|
2 |
|a RU
|b 63413507
|c 20120618
|g PSBO
|
| 942 |
|
|
|c BK
|